000 00942nam a2200217 a 4500
001 000033929
005 20200930070631.0
008 110914s1978 es 000 0 spa d
020 _a8400044436
245 1 0 _aCartas de cabildos hispanoamericanos :
_baudiencia de Panamá. /
_cEstudio preliminar y edición Bibiano Torres Ramírez, Enriqueta Vila Vilar ; colaboradores Angeles Flores Moscosos...[et.al].
246 1 0 _aAudiencia de Panamá
260 _aSevilla :
_bbEscuela de Estudios Hispanoamericanos,
_c1978.
490 1 _aPublicaciones de la Escuela de Estudios Hispano-Americanos de Sevilla
_v253
500 _aIncluye índice
700 1 _aTorres Ramírez, Bibiano
_914974
700 1 _aGil-Bermejo García, Juana
_959375
700 1 _aVila Vilar, Enriqueta
_915386
700 1 _aFlores Moscosos, Angeles
_959376
830 0 _aPublicaciones de la Escuela de Estudios Hispano-Americanos de Sevilla
_v253
_930488
999 _c33420
_d33420
040 _aDO-SdBNP